Stability problems in applied mechanics

Contents: Stability of static equailibrium; Basic dynamic considerations; Stability problems in dynamics; Emergence of length scale and pattern formation.

Uloženo v:
Podrobná bibliografie
Hlavní autor: Mallik, A K
Médium: Kniha
Jazyk:Undetermined
Vydáno: Oxford, U.K. Alpha Science International
Témata:
Tagy: Přidat tag
Žádné tagy, Buďte první, kdo otaguje tento záznam!
Thư viện lưu trữ: Trung tâm Học liệu Trường Đại học Cần Thơ
LEADER 00712nam a2200193Ia 4500
001 CTU_128647
008 210402s9999 xx 000 0 und d
020 |c 568000 
082 |a 620.1 
082 |b M254 
100 |a Mallik, A K 
245 0 |a Stability problems in applied mechanics 
245 2 |c A K Mallik, J K Bhattacharjee 
260 |a Oxford, U.K. 
260 |b Alpha Science International 
520 |a Contents: Stability of static equailibrium; Basic dynamic considerations; Stability problems in dynamics; Emergence of length scale and pattern formation. 
650 |a Stability,Mechanics, applied,Nonlinear mechanics 
904 |i Năm 
980 |a Trung tâm Học liệu Trường Đại học Cần Thơ